Library Banner

Report on observance and implementation of the principles of policy in relation to the affairs of the Federation for the year 1994/ (Record no. 100317)

MARC details
000 -LEADER
fixed length control field 00446nam a22001337a 4500
005 - DATE AND TIME OF LATEST TRANSACTION
control field 20171129123640.0
008 - FIXED-LENGTH DATA ELEMENTS--GENERAL INFORMATION
fixed length control field 171129b xxu||||| |||| 00| 0 eng d
040 ## - CATALOGING SOURCE
Transcribing agency PK-LaUMT
082 ## - DEWEY DECIMAL CLASSIFICATION NUMBER
Classification number PKAC 321.0405491
Item number REP-
245 ## - TITLE STATEMENT
Title Report on observance and implementation of the principles of policy in relation to the affairs of the Federation for the year 1994/
260 ## - PUBLICATION, DISTRIBUTION, ETC. (IMPRINT)
Place of publication, distribution, etc Islamabad:
Name of publisher, distributor, etc Cabinet secretariat ,
Date of publication, distribution, etc 1994
300 ## - PHYSICAL DESCRIPTION
Extent [ ]
942 ## - ADDED ENTRY ELEMENTS (KOHA)
Koha item type Books
Holdings
Withdrawn status Lost status Damaged status Home library Current library Date acquired Full call number Barcode Date last seen Price effective from Koha item type
      UMT Main Campus UMT Main Campus 2017-11-29 PKAC 321.0405491 REP- 116116 2017-11-29 2017-11-29 Books